[Event "Straume Bronstein Cup"]
[Site "Straume"]
[Date "2020.10.25"]
[Round "2"]
[White "Larsen, Kasper1111"]
[Black "Brattetveit, Kenneth"]
[Result "1/2-1/2"]
[WhiteElo "1243"]
[BlackElo "1804"]
[PlyCount "169"]
[EventDate "2020.10.25"]
[EventType "swiss (rapid)"]
[EventRounds "6"]
[EventCountry "NOR"]
[SourceTitle "EXT 2024"]
[Source "ChessBase"]
[SourceDate "2023.10.10"]
[SourceVersion "1"]
[SourceVersionDate "2023.10.10"]
[SourceQuality "1"]

1. d4 e6 2. c4 f5 3. Nc3 Nf6 4. g3 d5 5. Bg2 c6 6. Bg5 Be7 7. Nf3 0-0 8. 0-0 Nbd7 9. c5 Ne4 10. Bxe7 Qxe7 11. h4 e5 12. dxe5 Nxe5 13. Nxe5 Qxe5 14. Nxe4 fxe4 15. Qd2 Bf5 16. Rad1 Rad8 17. Qd4 Qc7 18. b4 Rf6 19. f4 exf3 20. Rxf3 Rdf8 21. Qf4 Qe7 22. Re3 Re6 23. Rxe6 Qxe6 24. Rd2 Bg4 25. Qd4 Bxe2 26. Kh2 Bh5 27. Bh3 Qe7 28. Rf2 Re8 29. Qf4 Bg6 30. a3 h6 31. Bg4 Qe3 32. Re2 Qxf4 33. Rxe8+ Bxe8 34. gxf4 Kf7 35. Kg3 Kf6 36. Kf3 b6 37. Ke3 bxc5 38. bxc5 Ke7 39. Kd4 Bd7 40. Bf3 Kf6 41. Bg2 Bf5 42. Bf3 Bc2 43. Bg4 Ba4 44. Bh3 h5 45. Bd7 Bb5 46. Bh3 a5 47. Bd7 Ke7 48. Bh3 Be2 49. Ke5 Bg4 50. Bf1 Kd7 51. Bd3 Kc7 52. Bg6 Kb7 53. Kd6 d4 54. Be4 Ka6 55. Kxc6 Be2 56. Kd6 d3 57. c6 d2 58. Bc2 d1Q+ 59. Bxd1 Bxd1 60. Kd7 Bg4+ 61. Kd8 Kb5 62. c7 Ka4 63. Ke7 Kxa3 64. Kf7 Kb4 65. Kxg7 a4 66. Kg6 Bc8 67. f5 a3 68. f6 a2 69. f7 a1Q 70. f8Q+ Kb5 71. Qxc8 Qg1+ 72. Kf6 Kc6 73. Qd8 Qf2+ 74. Kg6 Qg3+ 75. Qg5 Qd3+ 76. Qf5 Qxf5+ 77. Kxf5 Kxc7 78. Kg5 Kd7 79. Kxh5 Ke7 80. Kg6 Kf8 81. Kh7 Kf7 82. h5 Kf8 83. Kh8 Kf7 84. h6 Kf8 85. h7 1/2-1/2

[Event "Straume Bronstein Cup A"]
[Site "Straume"]
[Date "2019.10.27"]
[Round "6"]
[White "Mansoor, Afras"]
[Black "Brattetveit, Kenneth"]
[Result "1-0"]
[WhiteElo "1866"]
[BlackElo "1804"]
[PlyCount "55"]
[EventDate "2019.10.27"]
[EventType "swiss (rapid)"]
[EventRounds "6"]
[EventCountry "NOR"]
[SourceTitle "EXT 2024"]
[Source "ChessBase"]
[SourceDate "2023.10.10"]
[SourceVersion "1"]
[SourceVersionDate "2023.10.10"]
[SourceQuality "1"]

1. d4 e6 2. c4 f5 3. Nc3 Nf6 4. g3 d5 5. Bg2 c6 6. Nf3 Bd6 7. 0-0 0-0 8. b3 Bd7 9. Bb2 Be8 10. Ne5 Nbd7 11. Nd3 Bh5 12. Qc2 Ne4 13. f3 Nxc3 14. Qxc3 Qe7 15. e4 dxe4 16. fxe4 fxe4 17. Bxe4 Nf6 18. Bg2 Ng4 19. Nf2 e5 20. Nxg4 exd4 21. Qd2 Bxg4 22. Rae1 Rxf1+ 23. Bxf1 Qf8 24. Bxd4 Rd8 25. Qg5 Bb4 26. Re4 Bf5 27. Bxg7 Qc5+ 28. Bd4+ 1-0

[Event "NOR-chT West Nord 0910"]
[Site "Norway"]
[Date "2010.02.13"]
[Round "4"]
[White "Brattetveit, Kenneth"]
[Black "Gronnestad, Anita"]
[Result "0-1"]
[WhiteElo "1761"]
[BlackElo "1837"]
[PlyCount "83"]
[EventDate "2009.11.08"]
[EventType "team-tourn"]
[EventRounds "5"]
[EventCountry "NOR"]
[SourceTitle "EXT 2012"]
[Source "ChessBase"]
[SourceDate "2011.11.24"]
[SourceVersion "1"]
[SourceVersionDate "2011.11.24"]
[SourceQuality "1"]

1. e4 e5 2. Nf3 Nf6 3. Nxe5 d6 4. Nf3 Nxe4 5. Nc3 Nxc3 6. dxc3 Be7 7. Bd3 Bg4 8. Bf4 Nd7 9. h3 Bh5 10. Qe2 0-0 11. 0-0-0 Nc5 12. Bc4 Bf6 13. g4 Re8 14. Be3 Bg6 15. g5 Be5 16. Bxc5 Bd4 17. Bxd4 Rxe2 18. Bxe2 Be4 19. Rhg1 Qe8 20. Rd2 Qe6 21. b3 Qxh3 22. Rg3 Qf5 23. Nh4 Qa5 24. Kb2 Re8 25. Be3 b5 26. Rg4 c5 27. Rxd6 b4 28. cxb4 cxb4 29. Rd4 Qa3+ 30. Kb1 Bxc2+ 31. Kxc2 Qxa2+ 32. Kd1 Qb1+ 33. Bc1 Qxb3+ 34. Ke1 Qc3+ 35. Kf1 Qxc1+ 36. Kg2 g6 37. Bd1 Qc6+ 38. Bf3 Qc1 39. Rxb4 Re1 40. Kg3 Qc7+ 41. Rgf4 Re5 42. Rb7 0-1

[Event "Sotra op3"]
[Site "Sotra"]
[Date "2004.09.09"]
[Round "2"]
[White "Brattetveit, Kenneth"]
[Black "Nordnes, Tor Gunnar"]
[Result "1-0"]
[WhiteElo "1630"]
[BlackElo "1460"]
[PlyCount "65"]
[EventDate "2004.09.02"]
[EventType "swiss"]
[EventRounds "9"]
[EventCountry "NOR"]
[SourceTitle "EXT 2008"]
[Source "ChessBase"]
[SourceDate "2007.11.25"]
[SourceVersion "1"]
[SourceVersionDate "2007.11.25"]
[SourceQuality "1"]

1. e4 c6 2. d4 d5 3. Nc3 dxe4 4. Nxe4 Nf6 5. Ng3 e6 6. Nf3 c5 7. c3 cxd4 8. cxd4 Nc6 9. Be2 Qa5+ 10. Kf1 Bd6 11. Bd2 Bb4 12. Bg5 Nd5 13. a3 Bd6 14. Ne4 Be7 15. g3 f6 16. Bd2 Qb6 17. Bc3 0-0 18. Kg2 f5 19. Ned2 f4 20. Nc4 Qc7 21. Qc2 Nxc3 22. bxc3 b5 23. Nce5 Bb7 24. gxf4 Nxd4 25. Qd3 Nxe2 26. Qxe2 Rxf4 27. Rad1 Bd6 28. Rxd6 Qxd6 29. Rd1 Bd5 30. Rd3 Re4 31. Qxe4 Bxe4 32. Rxd6 Bd5 33. Kg3 1-0

[Event "Sotra Hostturneringen"]
[Site "Sotra"]
[Date "2003.10.30"]
[Round "7"]
[White "Brattetveit, Kenneth"]
[Black "Woldseth, Ole"]
[Result "0-1"]
[WhiteElo "1644"]
[BlackElo "1802"]
[PlyCount "88"]
[EventDate "2003.08.??"]
[EventType "swiss"]
[EventRounds "10"]
[EventCountry "NOR"]
[SourceTitle "EXT 2005"]
[Source "ChessBase"]
[SourceDate "2004.11.15"]
[SourceVersion "1"]
[SourceVersionDate "2004.11.15"]
[SourceQuality "1"]

1. c4 c6 2. g3 d5 3. cxd5 cxd5 4. Bg2 Nc6 5. Nf3 Nf6 6. 0-0 e6 7. d4 Be7 8. Nc3 0-0 9. a3 b6 10. b4 Ne4 11. Bb2 f5 12. Rc1 Bd7 13. Ne5 Nxe5 14. dxe5 a5 15. Nxe4 fxe4 16. Qb3 axb4 17. axb4 Bb5 18. Rfe1 Ra4 19. Bc3 Qd7 20. Qb2 Rfa8 21. Qd2 Rc8 22. Red1 Qb7 23. Bh3 Bd7 24. Ra1 Rca8 25. Rxa4 Rxa4 26. f3 exf3 27. exf3 Qa6 28. Rb1 Ra2 29. Bf1 Qa3 30. Qc1 Be8 31. f4 Bg6 32. Qxa3 Rxa3 33. Rc1 Rb3 34. b5 Bc5+ 35. Kg2 Be4+ 36. Kh3 d4 37. Bd2 g6 38. Bc4 Bf5+ 39. Kg2 Rb2 40. Kf3 Rxd2 41. g4 Rc2 42. Bxe6+ Kf8 43. Rxc2 Bxc2 44. f5 d3 0-1

[Event "NOR-chT2 north 0203"]
[Site "Masfjorden"]
[Date "2003.01.18"]
[Round "3"]
[White "Birkestrand, Odd Helge"]
[Black "Brattetveit, Kenneth"]
[Result "1/2-1/2"]
[WhiteElo "1577"]
[BlackElo "1668"]
[PlyCount "59"]
[EventDate "2002.10.??"]
[EventType "team"]
[EventRounds "7"]
[EventCountry "NOR"]
[SourceTitle "EXT 2005"]
[Source "ChessBase"]
[SourceDate "2004.11.15"]
[SourceVersion "1"]
[SourceVersionDate "2004.11.15"]
[SourceQuality "1"]

1. e4 e6 2. d4 d5 3. e5 c5 4. c3 Nc6 5. Nf3 Qb6 6. Bd3 Bd7 7. dxc5 Bxc5 8. b4 Be7 9. 0-0 f6 10. Bf4 0-0-0 11. exf6 gxf6 12. Be3 Qc7 13. a4 e5 14. Be2 Bg4 15. Na3 Kb8 16. Qc1 Bxf3 17. Bxf3 f5 18. b5 Na5 19. b6 axb6 20. Rb1 Bc5 21. Bg5 Rd7 22. Nb5 Qc6 23. Re1 h6 24. Bh4 e4 25. Bg3+ Ka8 26. Be2 Qc8 27. Qf4 Ne7 28. Nc7+ Ka7 29. Nb5+ Ka8 30. Nc7+ 1/2-1/2